Herramientas jurídicas para garantizar la eficacia del derecho alimentario. La incesante búsqueda por dotar de efectividad el derecho humano a los alimentos / (Registro nro. 6066)
[ vista simple ]
| 000 -LEADER | |
|---|---|
| fixed length control field | 01171nab a22002297a 4500 |
| 003 - CONTROL NUMBER IDENTIFIER | |
| control field | OSt |
| 005 - DATE AND TIME OF LATEST TRANSACTION | |
| control field | 20260121003439.0 |
| 008 - FIXED-LENGTH DATA ELEMENTS--GENERAL INFORMATION | |
| fixed length control field | 190514b xxu||||| |||| 00| 0 spa d |
| 040 ## - CATALOGING SOURCE | |
| Transcribing agency | PJ |
| 100 ## - MAIN ENTRY--PERSONAL NAME | |
| 9 (RLIN) | 6843 |
| Personal name | Freidemberg, Valeria D. |
| 245 10 - TITLE STATEMENT | |
| Title | Herramientas jurídicas para garantizar la eficacia del derecho alimentario. La incesante búsqueda por dotar de efectividad el derecho humano a los alimentos / |
| Statement of responsibility, etc | Valeria D. Freidemberg. |
| 300 ## - PHYSICAL DESCRIPTION | |
| Extent | p. 88-97 |
| 500 ## - GENERAL NOTE | |
| General note | Cita: TR LALEY AR/DOC/982/2024. |
| 505 ## - FORMATTED CONTENTS NOTE | |
| Formatted contents note | Sumario: I. Introducción.— II. El fallo.— III. Análisis del caso.— IV. Herramientas jurídicas frente al incumplimiento alimentario.— V. Reflexiones finales. |
| 505 ## - FORMATTED CONTENTS NOTE | |
| Title | Fallo comentado: JPaz, Daireaux ~ 28/11/2023 ~ A., C. L. c. P., E. D. s/ incidente de alimentos / aumento de cuota alimentaria. |
| 650 #0 - SUBJECT ADDED ENTRY--TOPICAL TERM | |
| 9 (RLIN) | 967 |
| Topical term or geographic name as entry element | DERECHO DE FAMILIA |
| 650 #0 - SUBJECT ADDED ENTRY--TOPICAL TERM | |
| 9 (RLIN) | 968 |
| Topical term or geographic name as entry element | ALIMENTOS |
| 650 #0 - SUBJECT ADDED ENTRY--TOPICAL TERM | |
| 9 (RLIN) | 614 |
| Topical term or geographic name as entry element | DERECHOS HUMANOS |
| 650 #0 - SUBJECT ADDED ENTRY--TOPICAL TERM | |
| 9 (RLIN) | 1057 |
| Topical term or geographic name as entry element | JURISPRUDENCIA APLICABLE |
| 773 0# - HOST ITEM ENTRY | |
| Host Biblionumber | 2844 |
| Host Itemnumber | 3222 |
| Place, publisher, and date of publication | Buenos Aires : AbeledoPerrot, 1989- |
| Title | Derecho de familia. Revista Interdisciplinaria de doctrina y jurisprudencia. Junio 2024-III. |
| International Standard Book Number | 18511201 |
| 942 ## - ADDED ENTRY ELEMENTS (KOHA) | |
| Source of classification or shelving scheme | |
| Koha item type | Analítica Artículo de Revista |
No hay ítems disponibles.
